| 000 | 00795nam a2200241 a 4500 | ||
|---|---|---|---|
| 001 | BRL_1023 | ||
| 005 | 20190320211011.0 | ||
| 008 | 311013c1962----mx-a######---#000-p#spa-# | ||
| 041 | _aspa | ||
| 044 | _amx | ||
| 050 | 4 |
_aPM4068.9 _b.P64 1962 |
|
| 245 | 1 | 0 |
_aPoesía indígena de la altiplanicie _bdivulgación literaria _cselección, versión, introducción y notas Ángel Ma. Garibay K. |
| 250 | _a3a ed. | ||
| 260 |
_aMéxico _bUNAM _c1962 |
||
| 300 |
_axix, 169 p. _bil. _c18 cm. |
||
| 440 | 0 |
_aBiblioteca del estudiante universitario _v11 _925608 |
|
| 500 | _aAu1140 | ||
| 504 | _aBibliografía: p. 164-165 | ||
| 650 | 1 | 4 |
_aPoesía Náhuatl _xTraducciones al español _925609 |
| 700 | 1 |
_aGaribay K., Ángel María _d1892-1967 _q(Garibay Kintana) _925610 |
|
| 902 | _aGRL | ||
| 942 |
_2lcc _cB |
||
| 999 |
_c9835 _d9835 |
||